00508nam a2200181 a 45000010010000000030011000100080041000210350026000620820014000881000021001022450018001232600035001416500013001769420012001899520090002019980020002919990015003110000-9382ELIB.Books110520 1980  a(ELIB.Books)0000-9534 a231 bKen aKennedy, D.James aWhy I Believe bDallas: Word Publishing c1980 aTheology 2ddccBK 00102ddc4070aKBTSbKBTSd2011-05-20l0p7991r2022-01-22 00:00:00w2022-01-22yBK cbate2011-05-20 c9382d9382